Thermodynamics: (Record no. 8283)

MARC details
000 -LEADER
fixed length control field 00697 a2200217 4500
010 ## - LCCN (DPL NO)
LC control number ENG-88379
020 ## - INTERNATIONAL STANDARD BOOK NUMBER
International Standard Book Number 9788120332966
Terms of availability 225.00
035 ## - SYSTEM CONTROL NUMBER
System control number EN-71912
037 ## - SOURCE OF ACQUISITION
Source of stock number/acquisition DBAD / PUB
082 14 - DEWEY DECIMAL CLASSIFICATION NUMBER
Classification number 621.4021
100 1# - MAIN ENTRY--PERSONAL NAME
Personal name Srivastava, R.C.
245 1# - TITLE STATEMENT
Title Thermodynamics:
Statement of responsibility, etc by R.C. Srivastava, Subit K.Saha [and] Abhay K.Jain
Remainder of title a core course/
250 ## - EDITION STATEMENT
Edition statement 3rd ed
260 ## - PUBLICATION, DISTRIBUTION, ETC. (IMPRINT)
Place of publication, distribution, etc New Delhi
Name of publisher, distributor, etc Prentice-Hall of India
Date of publication, distribution, etc 2007
270 ## - ADDRESS
Address M-97, Connaught Circus,
City New Delhi
Postal code 110 001
300 ## - PHYSICAL DESCRIPTION
Extent xiii, 316p.
Dimensions 24cm (pbk)
500 ## - GENERAL NOTE
General note Includes bibliographical references and index
700 ## - ADDED ENTRY--PERSONAL NAME
Personal name Saha, Subit K.
700 ## - ADDED ENTRY--PERSONAL NAME
Personal name Jain, Abhay K.
942 ## - ADDED ENTRY ELEMENTS (KOHA)
Institution code [OBSOLETE] dpl
Item type English Books
Source of classification or shelving scheme Dewey Decimal Classification
Classification part 621.4021
Call number suffix SRI
Holdings
Withdrawn status Lost status Not for loan Collection code Home library Current library Source of acquisition Cost, normal purchase price Full call number Barcode Copy number Cost, replacement price Koha item type
    Not For Loan Non-fiction D.B.Act.Division D.B.Act.Division DBAD/PUB 225.00 621.4021 SRI EN-71912 1 225.00 English Books

© Delhi Public Library
Hit Counter
free hit counter